| 000 | 00580nam a22001937a 4500 | ||
|---|---|---|---|
| 999 |
_c20997 _d20997 |
||
| 003 | AR-CdUCM | ||
| 008 | 190723b ||||| |||| 00| 0 spa d | ||
| 040 |
_aMUNICIPALIDAD PROVINCIAL DEL CUSCO _cBIBLIOTECA MUNICIPAL DEL CUSCO |
||
| 082 |
_aC / 985.61 / _bSU95 |
||
| 100 |
_aSuru Waman _943794 |
||
| 245 |
_aHistoria general del Cuzco : _bincanato, coloniaje y república / |
||
| 260 | _aCusco : | ||
| 300 | _c28 cm. | ||
| 505 | _aContenido : Incanato -- Coloniaje -- República | ||
| 650 |
_aHistoria _9136 |
||
| 650 |
_aCuzco _97693 |
||
| 942 |
_2ddc _cLIBROS |
||
| 945 | _azta | ||